000 00808nab a2200265 4500
003 BR-BrBNA
005 20241210215441.0
008 241210b bl.||||| |||| 00| 0 por d
040 _aBR-BrBNA
_bpor
072 _aF06 ; P10 ; N20
_b4630
100 _aTestezlaf, Roberto
100 _aDeus, Fábio P. de
100 _aMesquita, Márcio
245 _aFiltros de areia: erros e falhas
500 _a5 illus.
520 _aFILTRO DE AREIA
650 _aIRRIGAÇÃO LOCALIZADA
650 _aEQUIPAMENTO DE IRRIGAÇÃO
650 _aFILTRO
650 _aTRATAMENTO DA ÁGUA
650 _aASSISTÊNCIA TÉCNICA
773 0 _04820
_9344689
_dVotuporanga/SP IRRIGAZINE 2009
_o2024-5021
_tIrrigazine (Brazil)
_gv. 9(34) p. 28-30; (Dec 2013)
_wBR2024003896
942 _cANA
999 _c329157
_d329157